000 01094nam a2200301 i 4500
003 EG-GICUC
005 20260506104909.0
008 260506s1959 us ||||fr|||| 00| 0 eng d
040 _aEG-GiCUC
_beng
_cEG-GiCUC
_dEG-GiCUC
_eRda
041 0 _aeng
082 0 4 _221
_a343.9
_bTH
092 0 4 _221
099 _aLaw1 10 343.9 TH 1959
245 1 0 _aThird annual report of the State Water Rights Board of the State of California :
_bcovering period July 1, 1958 – June 30, 1959 /
_cCalifornia.State Water Rights Board
264 1 _aSacramento :
_bState Water Rights Board, State of California,
_c1959.
300 _a17 page ;
_c 24 cm.
_billustrations,
336 _2rda contenu
_a texte
337 _2rda medias
_aOrdinateur
338 _2 transporteur rda
_a Ressource en ligne
504 _aComprend des references bibliographiques.
546 _aText in English
650 1 _aCriminal Law
_2qrmak
651 1 _2qrmak
710 _aCalifornia.State Water Rights Board
856 4 0 _uhttps://fll.law.cu.edu.eg/fulltext/bks/B10-11777.pdf
905 _a74
942 _2ddc
_n0
_cBK
_e21
999 _c75981
_d75981